A ilha do tesouro (Registo nº 433)

Detalhes MARC
000 -Etiqueta do registo
Cabeçalho 00834nam0a2200289 i 4500
005 - Identificador da versão
Campo de controlo 20240813121803.0
010 ## - Número internacional normalizado dos livros (ISBN)
Número (ISBN) 9722217798
021 ## - Número do Depósito Legal
Código do país PT
Número 104 876/96
100 ## - Dados gerais de processamento
Dados gerais de processamento 20160222d1996 a e0pory5003 ba
102 ## - Pais de publicação ou produção
País de publicação Portugal
101 1# - Língua de publicação
Língua do texto, banda sonora, etc. Português
Língua do documento no original Inglês
106 ## - Campo de dados codificados: material textual
Dados codificados do material textual r
105 ## - Campo de dados codificados: livros
Dados codificados dos livros y z 001yy
215 ## - Descrição física 
Indicação específica da natureza do documento e extensão da espécie 93 p.
Outras indicações físicas il. color
200 1# - Titulo e menção de responsabilidade
Título próprio A ilha do tesouro
Primeira menção de responsabilidade Robert Louis Stevenson
Outras menções de responsabilidade il. Neil Reed
225 2# - Colecção 
Título próprio da colecção Clássicos de sempre
210 ## - Publicação, Distribuição, etc. 
Lugar da edição, distribuição, etc. Lisboa
Nome do editor, distribuidor, etc. Verbo
Data da publicação, distribuição, etc. D. L. 1996
Data da impressão imp. 1997
300 ## - Notas gerais 
Texto da nota Metas Curriculares
606 ## - Nome comum usado como assunto
Número de registo de entrada de autoridade 0002043
Palavra de ordem Literatura inglesa
Subdivisão de assunto Romances de aventuras
Código do sistema CA
675 ## - Classificação Decimal Universal (CDU)
Notação 821.111-311.3
Edição 3ª ed.
Língua da edição por
702 #1 - Nome de autor-pessoa física (responsabilidade secundária)
Número de registo de entrada de autoridade 0002664
Palavra de ordem Reed
Outra parte do nome não tomada para palavra de ordem Neil
Código de função Ilustrador / Técnico de desenho computorizado
700 #1 - Nome de autor-pessoa física (responsabilidade principal)
Número de registo de entrada de autoridade 0002663
Palavra de ordem Stevenson
Outra parte do nome não tomada para palavra de ordem Robert Louis
966 ## - Identificação da Biblioteca
Sigla EB2,3ENM
942 ## - Elementos de entrada adicionados (Koha)
Tipo de item no Koha Livro
Exemplares
Situação do levantamento Origin of item (home branch) (coded) Biblioteca de empréstimo Código de barras Cota Circulation type (not for loan) Tipo de documento Nota do exemplar Damaged status
  Biblioteca Escolar Eng. Nuno Mergulhão Biblioteca Escolar Eng. Nuno Mergulhão BENM6 82LE-3 STE MET   Livro Sem mensagem